Direct energy conversion, (Record no. 11982)

MARC details
000 -LEADER
fixed length control field 00938cam a22002651 4500
001 - CONTROL NUMBER
control field 6588670
005 - DATE AND TIME OF LATEST TRANSACTION
control field 20050825125815.0
008 - FIXED-LENGTH DATA ELEMENTS--GENERAL INFORMATION
fixed length control field 730302s1966 nyua b 000 0 eng
010 ## - LIBRARY OF CONGRESS CONTROL NUMBER
LC control number 65028135
035 ## - SYSTEM CONTROL NUMBER
System control number (OCoLC)568239
040 ## - CATALOGING SOURCE
Original cataloging agency DLC
Transcribing agency ODaWU
Modifying agency OCoLC
-- DLC
042 ## - AUTHENTICATION CODE
Authentication code premarc
050 00 - LIBRARY OF CONGRESS CALL NUMBER
Classification number TK2896
Item number .S9
082 ## - DEWEY DECIMAL CLASSIFICATION NUMBER
Classification number 621.3124
Edition number 22
Item number DIR
100 1# - MAIN ENTRY--PERSONAL NAME
Personal name Sutton, George W.
Fuller form of name (George Walter),
Dates associated with a name 1927-
Relator term ed.
9 (RLIN) 6754
245 10 - TITLE STATEMENT
Title Direct energy conversion,
Statement of responsibility, etc edited by George W. Sutton.
260 ## - PUBLICATION, DISTRIBUTION, ETC. (IMPRINT)
Place of publication, distribution, etc New York:
Name of publisher, distributor, etc McGraw-Hill,
Date of publication, distribution, etc 1966
300 ## - PHYSICAL DESCRIPTION
Extent xvi, 342 p.:
Other physical details ill. ;
Dimensions 23 cm.
440 #0 -
-- 6755
490 ## - Series Statement
Series statement Inter-university electronics series,
Volume/sequential designation v. 3
504 ## - BIBLIOGRAPHY, ETC. NOTE
Bibliography, etc Includes bibliographical references and index
650 #0 - SUBJECT ADDED ENTRY--TOPICAL TERM
Topical term or geographic name as entry element Direct energy conversion.
9 (RLIN) 6756
942 ## - ADDED ENTRY ELEMENTS (KOHA)
Source of classification or shelving scheme Dewey Decimal Classification
Item type Book - Borrowing
Holdings
Withdrawn status Item status Source of classification or shelving scheme Damaged status Not for loan Vendor Home library Current library Shelving location Date acquired Source of acquisition Cost, normal purchase price Total Checkouts Full call number Barcode Date last seen Koha item type
    Dewey Decimal Classification     Alef-Baa Central Library Central Library First floor 23/06/2009   150.00   621.3124 DIR 000017033 15/07/2025 Book - Borrowing